000 00558 a2200169 4500
999 _c7952
_d7952
010 _aENG-88253
020 _a8179751123
_c500.00
035 _aEN-71786
037 _bDBAD / PUB
082 _a305.42
245 _aGender discrimination:
_cedited by Prem R. Bhardwaj
_bthe politics of women empowerment/
260 _aNew Delhi
_bAnamika Publishers
_c2005
270 _a4697/3, 21A, Ansari Road, Daryaganj
_bNew Delhi
_e110 002
_k23281655
300 _a252p.
_c22cm (Hb )
700 _aBhardwaj, Prem R.
942 _adpl
_cEN
_2ddc
_h305.42
_mGEN